000
00329nam a2200121 a 4500
005
20140414132059.0
008
110805s19uu xx 00 eng d
050
_a
REF 560
_b
M83 1998
100
_a
Niel, Morris
245
_a
Children's first book of long long ago.
260
_a
Spain :
_b
Barfield Center,
_c
1998.
999
_c
114397
_d
114397